000 00266nam a22001097a 4500
008 170117b xxu||||| |||| 00| 0 eng d
020 _a9780801620522
041 _aeng
080 _a618.2
245 _aEPIDEMIOLOGY IN NURSING PRACTICE
_cHARKNESS, G.A
942 _2udc
_cBK
999 _c3018
_d3018